Responses for Show #8131 - Monday, January 6, 2020

Karen Farrell game 8.

Contestants

[<< previous game]

Kristin Carter, an attorney from Fort Lauderdale, Florida

Sayeed Akhtar, a student from Fairfax, Virginia

Karen Farrell, a political consultant from Woodbridge, Virginia (whose 7-day cash winnings total $139,803)

[next game >>]

Jeopardy! Round responses

"ALL" THE RIGHT MOVIES
STATUE OF NO LIMITATIONS
POTPOURRI
TALES OF THE CITY
(Alex: We'll give you the tale, you identify the city for us.)
SHUT UP
& DEAL THE CARBS
    $200 28
[The end-of-round signal sounds.]

All American

Kristin
    $200 23
(Alex: Less than a minute now.)

Churchill

Karen
    $200 12
Trivial Pursuit

Karen
    $200 26
Paris

Karen
    $400 24
(Sayeed: What is Deck the Halls?)

Jingle All the Way

KarenSayeed
    $400 19
William Penn

Karen
    $400 15
(Alex: That's it, and a pocket full of rye.)

Sing a song of sixpence

Karen
    $400 25
New York City

Karen
    $400 14
clam up

Kristin
    $400 27
kidney beans

Karen
    $600 7
(Sayeed: What is Powerball?)

All About the Benjamins

Sayeed
Triple Stumper
    $600 4
Zeus

Karen
    $600 16
the Security Council

Kristin
    $600 1
Atlanta

Kristin
    $600 10
mum

Karen
    $600 20
a chickpea

Karen
    $800 8
The Kids Are All Right

Karen
    $800 5
Anne Frank

Karen
    $800 17
aqua vitae

Sayeed
    $800 2
Dublin

Karen
    $800 11
dumbstruck

Kristin
    $800 21
bananas

Triple Stumper
    $1000 9
A Man for All Seasons

Karen
    $1000 6
the Venus de Milo

Karen
    $1000 18
(Kristin: What is Dia Colon?)

Dia de la Raza

Kristin
Triple Stumper
    $1,000 3
(Karen: [Sighs] What are... St. Petersburg and... mm?)
(Alex: Go for the obvious.)

St. Petersburg & Moscow

Karen
    $1000 13
tongue-tied

Sayeed
    $1000 22
gnocchi

Karen

Scores at the first commercial break (after clue 15):

Karen Sayeed Kristin
$5,200 $400 $1,800

Scores at the end of the Jeopardy! Round:

Karen Sayeed Kristin
$8,800 $800 $1,600

Double Jeopardy! Round responses

THE AGE OF EXPLORATION
STARTS & ENDS WITH THE SAME VOWEL
BIRDS IN THE BIBLE
3-NAMED PEOPLE
FOREIGN COLLEGES & UNIVERSITIES
HIP-HOP FEUDS
    $400 7
endgame

Karen
    $400 27
[The end-of-round signal sounds.]

Peter

Karen
    $400 23
(Karen: Who is En-Em-[*]?)
...
(Alex: Less than a minute now.)

Eminem

Karen
    $800 18
Florida

Karen
    $800 4
an aroma

Karen
    $800 25
a hen

Triple Stumper
    $800 13
John Wilkes Booth

Karen
    $800 26
Thailand

Triple Stumper
    $800 21
LL Cool J

Sayeed
    $2,000 10
Marco Polo

Karen
    $1200 1
oleo

Kristin
    $1200 5
(Karen: What's a phoenix?)

an owl

KarenSayeed
    $1200 6
(Sayeed: Who is O'Neill?)
(Karen: What's William Butler Yeats?)

George Bernard Shaw

KarenSayeed
Triple Stumper
    $1200 11
(Sayeed: What is farming?)

mining

Sayeed
Triple Stumper
    $1200 19
Jay-Z

Karen
    $1600 16
(Henry) Hudson

Kristin
    $1600 2
equitable

Kristin
    $1600 8
the ostrich

Triple Stumper
    $1600 14
John Paul Stevens

Karen
    $1600 12
the University of Tokyo

Kristin
    $1600 20
Ice Cube

Sayeed
    $2000 17
Samuel de Champlain

Triple Stumper
    $2000 3
anoxia (asphyxia)

Kristin
    $2000 9
eagles' wings

Karen
    $3,000 15
Alexander Graham Bell

Karen
    $2000 24
Erasmus

Triple Stumper
    $2000 22
Fat Joe

Triple Stumper

Scores at the end of the Double Jeopardy! Round:

Karen Sayeed Kristin
$19,800 $2,000 $9,600
(lock game)

[wagering suggestions for these scores]

Final Jeopardy! Round responses

1960s NOVELS
(Alex: Makes sense if you're afraid of being killed in a war. That's the process of a rational mind.)
SayeedWhat is ?
$19
KristinWhat is I'm Okay You'e Okay?
$9,599
KarenWhat is Catch-22?
$0
Catch-22

Final scores:

Karen Sayeed Kristin
$19,800 $1,981 $1
8-day champion: $159,603 2nd place: $2,000 3rd place: $1,000

Game dynamics:

Coryat scores:

Karen Sayeed Kristin
$19,000 $2,000 $9,600
28 R
(including 2 DDs),
3 W
(including 1 DD)
5 R,
4 W
10 R,
1 W

Combined Coryat: $30,600

[game clues] [game scores] [suggest correction]

Game tape date: 2019-10-23
The J! Archive is created by fans, for fans. Scraping, republication, monetization, and malicious use prohibited; this site may use cookies and collect identifying information. See terms. The Jeopardy! game show and all elements thereof, including but not limited to copyright and trademark thereto, are the property of Jeopardy Productions, Inc. and are protected under law. This website is not affiliated with, sponsored by, or operated by Jeopardy Productions, Inc. Join the discussion at JBoard.tv.